000 01286cam a22003134a 4500
999 _c5382
_d5382
001 13713850
003 GZU
005 20210406093620.0
008 040909s2005 nyua 000 0 eng
010 _a 2004058255
020 _a1401890857
040 _aDLC
_cDLC
_dDLC
042 _apcc
050 0 0 _aTH7226
_b.DEV 2005
082 0 0 _a513/.13/0246213
_222
100 1 _aHerman, Stephen L.
245 1 0 _aPractical problems in mathematics for electricians /
_cStephen L. Herman.
250 _a6th ed.
260 _aClifton Park, NY :
_bThomson/Delmar Learning,
_cc2005.
300 _aix, 225 p. :
_bill. ;
_c24 cm.
500 _aIncludes index
650 0 _aElectrical engineering
_xMathematics
_vProblems, exercises, etc.
856 4 2 _3Contributor biographical information
_uhttp://www.loc.gov/catdir/enhancements/fy1302/2004058255-b.html
856 4 2 _3Publisher description
_uhttp://www.loc.gov/catdir/enhancements/fy1302/2004058255-d.html
856 4 1 _3Table of contents only
_uhttp://www.loc.gov/catdir/enhancements/fy1302/2004058255-t.html
906 _a7
_bcbc
_corignew
_d1
_eocip
_f20
_gy-gencatlg
942 _2lcc
_cBK
_h7226
_iDEV
_kTH